Statistics for Guess the Ed Sheeran song

Click here to take the quiz!

General Stats

  • This quiz has been taken 203 times
  • The average score is 10 of 16

Answer Stats

Lyrics Song Name % Correct
White lips, pale face, breathing in snowflakesThe A Team
93%
I wanna be drunk when I wake upDrunk
90%
Tell me that you turned down the man, who asked for your handOne
75%
Now I'm in town, break it down, thinking of making a new soundYou need me, I don't need you
75%
It's late in the evening, glass on the sideSing
72%
Settle down with me, cover me up, cuddle me inKiss Me
68%
I've been spinning out for time, couple women by my sideBloodstream
67%
You look so wonderful in your dress, I love your hair like thatTenerife Sea
66%
Take this bird in with it's broken legLittle Bird
64%
It's just another night and I'm staring at the moonAll of the stars
59%
Well get up up on the dancefloor tonight, I've got two left feetBarcelona
58%
Things were all good yesterday, then the devil took your memoryAfire Love
57%
I'm not a rapper, I'm a singer with a flowTake it back
55%
I've known it for a long time, daddy wakes up to a drink at 9Runaway
55%
Smoke alarm went off at 9, woke up wiped the sleep out of my eyeGold Rush
41%
She's reinventing loving me, when were resembling cutlerySofa
33%

Score Distribution

Percentile by Number Answered

Percent of People with Each Score

Your Score History

You have not taken this quiz